000 00970nam a2200241Ia 4500
999 _c38399
_d38399
001 4409
003 GE_BSU
005 20190520142822.0
008 181216s1972|||| |||||||||||||| ||geo||
040 _cGE_BSU
041 _ageo
080 _a531(075.8)+531.01 გ–69
100 _aგორგიძე, ა.
_91282
245 _aთეორიული მექანიკის კურსი. წიგნი ll. დინამიკა : სახელმძღვ. /
_cა. გორგიძე ; რედ : ა.ბესელია
250 _all შევს.გამოც.
264 _aთბილისი :
_bგანათლება,
_c1972.
300 _a342 გვ .:
_c21 სმ.
504 _aბიბლიოგრ.: გვ.342
653 _aთეორიული მექანიკა
653 _aფიზიკა
700 _aბესელია, ა
_eრედაქტორი
_91376
942 _cBK
_2udc